| 000 | 00664nas a2200229 i 4500 | ||
|---|---|---|---|
| 001 | 1961 | ||
| 003 | ES-MaACL | ||
| 005 | 20250731030155.0 | ||
| 007 | t| | ||
| 008 | 950801d18771926sp | | 1 ||pa d | ||
| 245 | 0 | 0 | _aRevista de montes. |
| 260 |
_aMadrid : _bRevista de Montes, _c1877-1926 ( _fRicardo Rojas) |
||
| 300 |
_a33 v. ; _c23 cm. |
||
| 310 | _aQuincenal | ||
| 362 | 0 | _aAño 1, n. 1 (1 feb. 1877)-año 50, n. 1123 (sept. 1926) | |
| 500 | _aIndice general de 1868 a 1890. | ||
| 650 | 1 | 7 |
_aAgricultura _2embne _99670 |
| 650 | 0 | 4 |
_aRecursos forestales- _zEspaña. _9136809 |
| 852 |
_aES-MaACL _jK-91 |
||
| 866 | 0 | _o1877-1909. | |
| 999 |
_c1961 _d1961 |
||